| 000 | 01390nam a22003617a 4500 | ||
|---|---|---|---|
| 003 | CHAP | ||
| 005 | 20220329140020.0 | ||
| 008 | 971013s1981 r 00010 d | ||
| 010 | _a45570 | ||
| 011 | _a46542 | ||
| 035 | _a50683 | ||
| 040 | _cCHAP | ||
| 090 | _aTesis | ||
| 100 | 0 | 0 |
_aReichert Puls, Alberto. _995731 |
| 245 | _aEvaluación de cinco fungicidas en la prevención de la cenicilla polvorienta del melón (Erysiphe chicoracearum D. C.) y análisis de la factibilidad de la siembra del melón (Cucumis melo L.) variedad Gusto-45 en verano, Apodaca, N. L. | ||
| 260 |
_aMonterrey, N. L. : _bEl autor, _c1981 |
||
| 300 |
_a56 h. _b; gráfs. |
||
| 502 | _aTesis (Ing. Agr. en Producción Agropecuaria) -- ITESM. División de Ciencias Agropecuarias y Marítimas | ||
| 590 |
_aALEPH _b10 _c20130110 _lUCH01 _h1315 |
||
| 590 |
_aBATCH-UPD _b10 _c20130110 _lUCH01 _h0857 |
||
| 590 |
_aBATCH-UPD _b10 _c20130410 _lUCH01 _h0527 |
||
| 590 |
_aBATCH-UPD _b10 _c20130914 _lUCH01 _h0909 |
||
| 590 |
_aCONVERSION _b10 _c20130109 _lUCH01 _h1325 |
||
| 650 | 1 | 4 |
_aCenicilla polvorienta del melón. _920977 |
| 650 | 1 | 4 |
_aFungicidas. _944044 |
| 650 | 1 | 4 |
_aMelón _xNuevo León. _974473 |
| 650 | 1 | 4 |
_aMelón _xPlagas. _974475 |
| 650 | 1 | 4 |
_aMelón _xVariedades. _974482 |
| 650 | 1 | 4 |
_aPseudoperonospora cubensis. _992582 |
| 901 | _aBK | ||
| 942 | _cTESIS | ||
| 949 |
_bBC _cTES _d-113806 _eTS1 _i50683 _si |
||
| 999 |
_c45570 _d45570 |
||